000 00931cam a2200241 a 4500
005 20260322212011.0
008 data
010 _a 92000071
020 _a0486272648 (pbk.) :
_c{dollar}1.00
020 _a9780486272641 (pbk.) :
_c{dollar}1.00
040 _aDLC
_cDLC
_dDLC
050 0 0 _aPR1583
_b.G6 1992
082 0 0 _a829/.3
_220
092 _a829 G6 1992
245 1 0 _aBeowulf.
260 _aNew York :
_bDover Publications,
_c1992.
300 _av, 57 p. ;
_c21 cm.
440 0 _aDover thrift editions
500 _a"This Dover edition, first published in 1992, is an unabridged republication of Beowulf as translated from the Anglo-Saxon by R[obert] K[ay] Gordon, originally published in the volume Anglo-Saxon poetry, J. M. Dent & Sons Ltd., London, 1926"--T.p. verso.
650 0 _aEpic poetry, English (Old)
856 4 2 _3Publisher description
_uhttp://www.loc.gov/catdir/description/dover031/92000071.html
001 data
999 _c215
_d215